La piedra de construcción en Irlanda

Saved in:
Bibliografiske detaljer
Corporate Authors: CCI (Author), Centro de Comercio Internacional (Author)
Format: Bog
Sprog:spansk
Udgivet: Ginebra CCI 1987
Serier:Monografía sobre Canales Comerciales, ITC-SMR, 9
Fag:
Tags: Tilføj Tag
Ingen Tags, Vær først til at tagge denne postø!

MARC

LEADER 00000nam a2200000 a 4500
001 UCU3048
003 CL-VaPUC
008 960502e19870000sz |||||||||||||||||spa|d
082 0 4 |a 658.84  |b CCI  |2 21 
110 2 |a CCI  |e author  |9 359730 
710 2 |a Centro de Comercio Internacional  |e author  |9 359731 
245 1 3 |a La piedra de construcción en Irlanda 
300 |a 10 p 
942 |c BK 
945 |d 19960502 00:00:00  |a cmena 
260 |a Ginebra  |b CCI  |c 1987 
650 7 |a CANALES DE DISTRIBUCION  |2 CL-VaPUC  |9 359732 
650 0 |a Comercio  |9 255341 
650 0 |a Empresas comerciales  |9 334163 
650 7 |a MERCADO DE PRODUCTOS  |2 CL-VaPUC  |9 359211 
650 7 |a REDES DE DISTRIBUCION  |2 CL-VaPUC  |9 359733 
651 0 |a Irlanda  |9 324541 
583 |a last modification  |c 20130807 03:04:42  |k Rodrigo Vera 
490 0 |a Monografía sobre Canales Comerciales, ITC-SMR, 9 
999 |c 247180  |d 247178 
952 |0 0  |1 0  |4 0  |6 658_840000000000000_CCI_1987  |7 0  |8 A  |9 262843  |a BIBING  |b BIBING  |d 2019-11-19  |i 1655825  |o 658.84 CCI 1987  |p 1655825  |r 2025-01-20  |w 2019-11-19  |y BK  |k TRA